Biggest Cities by States of Brazil - Statistics

General Stats
  • This quiz has been taken 13 times
  • The average score is 28 of 35
Answer Stats
State Population City % Correct
Distrito Federal 2,482,210 Brasilia
100%
Amazonas 1,792,881 Manaus
100%
Rio de Janeiro 6,320,446 Rio de Janeiro
100%
Bahia 2,674,923 Salvador
100%
Para 1,381,475 Belem
92%
Minas Gerais 2,375,151 Belo Horizonte
92%
Santa Catarina 405,286 Florianopolis
92%
Goias 1,297,076 Goiania
92%
Pernambuco 1,537,704 Recife
92%
Sao Paulo 11,152,344 Sao Paulo
92%
Parana 1,751,907 Curitiba
85%
Ceara 2,452,195 Fortaleza
85%
Paraiba 597,934 Joao Pessoa
85%
Santa Catarina 497,850 Joinville
85%
Rio Grande do Sul 1,409,351 Porto Alegre
85%
Roraima 277,799 Boa Vista
77%
Sao Paulo 1,061,540 Campinas
77%
Mato Grosso do Sul 776,242 Campo Grande
77%
Mato Grosso 540,814 Cuiaba
77%
Amapa 381,214 Macapa
77%
Rio Grande do Norte 803,739 Natal
77%
Rondonia 390,733 Porto Velho
77%
Acre 308,545 Rio Branco
77%
Sergipe 571,149 Aracaju
69%
Parana 493,520 Londrina
69%
Alagoas 932,129 Maceio
69%
Tocantins 221,742 Palmas
69%
Maranhao 958,522 Sao Luis
69%
Espirito Santo 406,450 Serra
69%
Piaui 767,557 Teresina
69%
Bahia 510,635 Feira de Santana
62%
Sao Paulo 1,221,979 Guarulhos
62%
Rio de Janeiro 998,999 Sao Goncalo
62%
Rio de Janeiro 852,138 Duque de Caxias
54%
Espirito Santo 412,575 Vila Velha
54%
No matching quizzes found
Score Distribution
Percent of People with Each Score
Percentile by Number Answered
Your Score History
You have not taken this quiz